000 01278nam a2200337 i 4500
001 000016442
003 DO-SdBNP
005 20240305125740.0
007 ta
008 100305s1980 dr ac 000 0 spa d
040 _aDO-SdBNP
_bspa
_cBNPHU
_drda
082 4 _a 972.93054
_bH223c
_222
100 1 _aHamlet, Hermann,
_d1934-2016
_eautor
_936649
245 1 0 _aCaracoles, la guerrilla de Caamaño /
_cHermann Hamlet.
246 3 3 _aCaracles : la guerrilla de Caamaño
264 1 _aSanto Domingo :
_bEditora el País
_bAlfa y Omega,
_c1980.
300 _a112 páginas :
_bilustraciones, retratos;
_c28 cm.
336 _2rdacontent
_atexto
_btxt
337 _2rdamedia
_asin mediación
_bn
338 _2rdacarrier
_avolumen
_bnc
500 _aIncluye datos biográficos del autor en la cubierta
500 _aTexto a dos columnas
500 _aTitulo en la caratula : Caracles : la guerrilla de Caamaño
500 _aTitulo tomado de la contracubierta
590 _aInventariado, 2023/MFF
600 1 4 _aCaamaño Deñó, Francisco Alberto.
_d1932-1973
_983756
650 4 _aGuerrillas
_zRepública Dominicana
_vBiografías
_910027
651 4 _aRepública Dominicana
_xHistoria
_yRevolución, 1973
_914290
910 _aValidado. Control de calidad MFF
942 _2ddc
_cLBS1
999 _c15977
_d15977